Ricostruisci la Carriera del Calciatore - Diego Armando Maradona - Statistics

Statistiche generali
  • Questo quiz è stato fatto 64 volte
  • Il punteggio medio è 5 su 7
Statistiche sulle risposte
Hint Risposta % Corretto
1984-1991 Napoli
83%
1976-1981 Argentinos Juniors
78%
1992-1993 Siviglia
67%
1982-1984 Barcellona
61%
1981-1982 Boca Juniors
61%
1993-1994 Newell's Old Boys
57%
1995-1997 Boca Juniors
54%
Nessun quiz corrispondente trovato
Distribuzione punteggi
Percentuale di utenti per punteggio
Percentile per numero di risposta
I tuoi punteggi nel tempo
Non hai fatto questo quiz